[Event "DSOL 04 Liga Gr-D 1st"]
[Site "Playchess.com INT"]
[Date "2020.08.14"]
[Round "2.2"]
[White "Schiefer, Peter"]
[Black "Strassburg, Robin Leonard"]
[Result "0-1"]
[WhiteElo "1919"]
[BlackElo "1828"]
[PlyCount "116"]
[EventDate "2020.06.22"]
[EventType "team-tourn (rapid)"]
[EventCountry "GER"]
[SourceTitle "EXT 2021"]
[Source "ChessBase"]
[SourceDate "2020.10.23"]
[SourceVersion "1"]
[SourceVersionDate "2020.10.23"]
[SourceQuality "1"]
[WhiteTeam "Heilsbronn"]
[BlackTeam "Berlin Nord Ost"]
[WhiteTeamCountry "GER"]
[BlackTeamCountry "GER"]

1. d4 d5 2. Nf3 e6 3. c4 c6 4. Nc3 dxc4 5. a4 Bb4 6. e3 b5 7. Bd2 a5 8. b3 Bxc3 9. Bxc3 b4 10. Bb2 c3 11. Bc1 Nf6 12. Bd3 0-0 13. 0-0 Ba6 14. Ne5 Bxd3 15. Nxd3 Nbd7 16. Qe2 Qb6 17. Rb1 c5 18. dxc5 Nxc5 19. Ne5 Rfd8 20. f3 Qd6 21. Nc4 Qd3 22. Qxd3 Nxd3 23. e4 Nxc1 24. Rbxc1 Nd7 25. Rcd1 Nc5 26. Nxa5 Rxd1 27. Rxd1 c2 28. Rc1 Rxa5 29. Rxc2 f6 30. Rc4 Nxb3 31. Rxb4 Nc5 32. h4 Rxa4 33. Rb5 Nd3 34. h5 h6 35. Kh2 e5 36. g3 Ra2+ 37. Kh3 Rf2 38. Kg4 Kh7 39. Rb3 Nc5 40. Rc3 Ne6 41. Rc6 Nd4 42. Rc3 Rc2 43. Rd3 Rc4 44. Kh3 Rb4 45. f4 exf4 46. gxf4 Rb3 47. Rxb3 Nxb3 48. Kg4 Nd4 49. Kg3 Kg8 50. Kf2 Kf7 51. Ke3 Ne6 52. Kf3 Nc5 53. Ke3 Ke6 54. Kd4 Nb7 55. Kc4 Nd6+ 56. Kd4 f5 57. e5 Nf7 58. Kc5 Nxe5 0-1

[Event "Mittelfranken-chTB2a 1819"]
[Site "Mittelfranken"]
[Date "2019.03.03"]
[Round "6.8"]
[White "Lorenz, Lukas"]
[Black "Schiefer, Peter"]
[Result "0-1"]
[WhiteElo "1189"]
[BlackElo "1880"]
[PlyCount "104"]
[EventDate "2018.10.14"]
[EventType "team-tourn"]
[EventRounds "9"]
[EventCountry "GER"]
[SourceTitle "EXT 2022"]
[Source "ChessBase"]
[SourceDate "2021.10.06"]
[SourceVersion "1"]
[SourceVersionDate "2021.10.06"]
[SourceQuality "1"]
[WhiteTeam "Dinkelsbuehl"]
[BlackTeam "Heilsbronn"]
[WhiteTeamCountry "GER"]
[BlackTeamCountry "GER"]

1. d4 Nf6 2. Nf3 g6 3. Bf4 Bg7 4. Nc3 d5 5. e3 0-0 6. Bd3 a6 7. 0-0 Nc6 8. a3 b5 9. b4 Bb7 10. Re1 e6 11. Ne5 Nh5 12. Nxc6 Bxc6 13. Qg4 Nxf4 14. Qxf4 Qd6 15. Qxd6 cxd6 16. a4 bxa4 17. Nxa4 Rfb8 18. Nc3 Rxb4 19. Rxa6 Rxa6 20. Bxa6 e5 21. Rb1 Rxb1+ 22. Nxb1 exd4 23. exd4 Bxd4 24. Nd2 Kf8 25. c4 Bc3 26. cxd5 Bxd5 27. Nc4 Ke7 28. Kf1 Be4 29. f3 Bd3+ 30. Kf2 Bd4+ 31. Ke1 d5 32. Ne3 Bxa6 33. Nxd5+ Kd6 34. Nf4 Be5 35. g3 Bxf4 36. gxf4 Kd5 37. Kf2 Kd4 38. Kg3 Ke3 39. Kg4 h6 40. f5 Bc8 41. f4 Bxf5+ 42. Kh4 Kxf4 43. h3 Ke3 44. Kg3 g5 45. h4 g4 46. h5 Be6 47. Kh4 f5 48. Kg3 f4+ 49. Kg2 Ke2 50. Kg1 f3 51. Kh2 f2 52. Kg3 f1Q 0-1

[Event "Mittelfranken-chTB2a 1718"]
[Site "Mittelfranken"]
[Date "2018.01.28"]
[Round "4.6"]
[White "Koschka, Robert"]
[Black "Schiefer, Peter"]
[Result "1/2-1/2"]
[WhiteElo "1865"]
[BlackElo "1865"]
[PlyCount "48"]
[EventDate "2017.10.08"]
[EventType "team-tourn"]
[EventRounds "9"]
[EventCountry "GER"]
[SourceTitle "EXT 2022"]
[Source "ChessBase"]
[SourceDate "2021.10.06"]
[SourceVersion "1"]
[SourceVersionDate "2021.10.06"]
[SourceQuality "1"]
[WhiteTeam "Fuerth SF"]
[BlackTeam "Heilsbronn"]
[WhiteTeamCountry "GER"]
[BlackTeamCountry "GER"]

1. e4 e6 2. d4 d5 3. e5 c5 4. c3 Nc6 5. Nf3 Qb6 6. Be2 cxd4 7. cxd4 Bb4+ 8. Nc3 Nge7 9. a3 Bxc3+ 10. bxc3 Bd7 11. Bd3 Na5 12. Rb1 Qc7 13. Bd2 Nc4 14. Bc1 Rc8 15. 0-0 b5 16. Nd2 Qa5 17. Bxc4 bxc4 18. Qf3 Ba4 19. Rb2 0-0 20. Qh3 Rb8 21. Ra2 Rb7 22. f4 Rfb8 23. g4 Bb3 24. Rb2 Ba4 1/2-1/2

[Event "Mittelfranken-chTB2a 1516"]
[Site "Mittelfranken"]
[Date "2016.02.14"]
[Round "6.8"]
[White "Schiefer, Peter"]
[Black "Fischer, Klaus"]
[Result "1-0"]
[WhiteElo "1784"]
[BlackElo "1584"]
[PlyCount "95"]
[EventDate "2015.10.18"]
[EventType "team-tourn"]
[EventRounds "9"]
[EventCountry "GER"]
[SourceTitle "EXT 2020"]
[Source "ChessBase"]
[SourceDate "2019.10.17"]
[SourceVersion "1"]
[SourceVersionDate "2019.10.17"]
[SourceQuality "1"]
[WhiteTeam "Heilsbronn"]
[BlackTeam "Herzogenaurach III"]
[WhiteTeamCountry "GER"]
[BlackTeamCountry "GER"]

1. d4 Nf6 2. Nf3 g6 3. c4 Bg7 4. Nc3 d6 5. e4 0-0 6. h3 c6 7. Be3 Nbd7 8. Qd2 Qc7 9. Be2 e5 10. b4 exd4 11. Nxd4 Re8 12. f3 a6 13. Rc1 c5 14. Nc2 b6 15. b5 a5 16. Rd1 Re6 17. 0-0 Bb7 18. Bf4 Ne5 19. Ne3 Nh5 20. Ned5 Qd8 21. Bh2 Nd7 22. g4 Bd4+ 23. Kg2 Nhf6 24. Nf4 Re8 25. g5 Nh5 26. Nxh5 gxh5 27. Bxd6 Ne5 28. Bxe5 Rxe5 29. h4 Qe7 30. Rh1 Kh8 31. Bd3 Rd8 32. Nd5 Bxd5 33. cxd5 Qd6 34. Rdf1 Rg8 35. f4 Ree8 36. Qe2 f5 37. Qf3 Qd7 38. e5 Qf7 39. Re1 Qg6 40. d6 Qe6 41. Qe2 Rg7 42. Bc4 Qd7 43. Qxh5 Rg6 44. a4 Qd8 45. Bf7 Ree6 46. Bxg6 Rxg6 47. Qf3 Qg8 48. Re2 1-0

[Event "Mittelfranken-chTB2a 1516"]
[Site "Mittelfranken"]
[Date "2015.12.06"]
[Round "4.8"]
[White "Schiefer, Peter"]
[Black "Rank, Klaus"]
[Result "1/2-1/2"]
[WhiteElo "1784"]
[BlackElo "1647"]
[PlyCount "50"]
[EventDate "2015.10.18"]
[EventType "team-tourn"]
[EventRounds "9"]
[EventCountry "GER"]
[SourceTitle "EXT 2020"]
[Source "ChessBase"]
[SourceDate "2019.10.17"]
[SourceVersion "1"]
[SourceVersionDate "2019.10.17"]
[SourceQuality "1"]
[WhiteTeam "Heilsbronn"]
[BlackTeam "Bechhofen II"]
[WhiteTeamCountry "GER"]
[BlackTeamCountry "GER"]

1. d4 Nf6 2. Nf3 e6 3. c4 c5 4. d5 b5 5. dxe6 fxe6 6. cxb5 d5 7. g3 Bd6 8. Bg2 Bb7 9. 0-0 0-0 10. Nbd2 Nbd7 11. Ng5 Re8 12. a4 e5 13. Nc4 Bc7 14. Ne3 Nf8 15. Bd2 Rb8 16. Qc2 Bd6 17. Nxd5 Nxd5 18. Qc4 Be7 19. h4 h6 20. Ba5 Qxa5 21. Bxd5+ Bxd5 22. Qxd5+ Kh8 23. Nf7+ Kh7 24. Qe4+ Kg8 25. Nxe5 Qc7 1/2-1/2

[Event "Mittelfranken-chTB2a 1314"]
[Site "Mittelfranken"]
[Date "2014.02.16"]
[Round "6.8"]
[White "Schindler, Jan"]
[Black "Schiefer, Peter"]
[Result "0-1"]
[WhiteElo "1565"]
[BlackElo "1784"]
[PlyCount "37"]
[EventDate "2013.10.20"]
[EventType "team-tourn"]
[EventRounds "9"]
[EventCountry "GER"]
[SourceTitle "EXT 2020"]
[Source "ChessBase"]
[SourceDate "2019.10.17"]
[SourceVersion "1"]
[SourceVersionDate "2019.10.17"]
[SourceQuality "1"]
[WhiteTeam "Anderssen/78 Nuernberg"]
[BlackTeam "Heilsbronn"]
[WhiteTeamCountry "GER"]
[BlackTeamCountry "GER"]

1. Nf3 Nf6 2. c4 g6 3. d4 Bg7 4. Nc3 d5 5. g3 b6 6. Bg2 Bb7 7. 0-0 0-0 8. b3 dxc4 9. bxc4 Ne4 10. Nxe4 Bxe4 11. Bb2 c5 12. e3 Nc6 13. Qd2 e6 14. Rfd1 Qf6 15. Ne5 Bxg2 16. Kxg2 Nxe5 17. dxe5 Qf5 18. Qe2 Qd3 19. Rab1 0-1

[Event "Mittelfranken-ch"]
[Site "Wachendorf"]
[Date "2013.03.28"]
[Round "7.7"]
[White "Leis, Stefan"]
[Black "Schiefer, Peter"]
[Result "1-0"]
[WhiteElo "2029"]
[BlackElo "1725"]
[PlyCount "37"]
[EventDate "2013.03.26"]
[EventType "swiss"]
[EventRounds "9"]
[EventCountry "GER"]
[SourceTitle "EXT 2022"]
[Source "ChessBase"]
[SourceDate "2021.10.06"]
[SourceVersion "1"]
[SourceVersionDate "2021.10.06"]
[SourceQuality "1"]

1. d4 Nf6 2. Nc3 d5 3. e4 dxe4 4. f3 e6 5. fxe4 Bb4 6. a3 Bxc3+ 7. bxc3 Nxe4 8. Qf3 Nf6 9. Bd3 Qd5 10. Qg3 Nbd7 11. Nf3 c5 12. 0-0 0-0 13. c4 Qc6 14. Qh4 cxd4 15. Ng5 h6 16. Ne4 e5 17. Nxf6+ Nxf6 18. Bxh6 Ng4 19. Bxg7 1-0

[Event "GER-chA U25"]
[Site "Oberhof"]
[Date "2011.06.12"]
[Round "1"]
[White "Nehls, Benedikt"]
[Black "Schiefer, Peter"]
[Result "1-0"]
[WhiteElo "1894"]
[BlackElo "1597"]
[PlyCount "57"]
[EventDate "2011.06.11"]
[EventType "swiss"]
[EventRounds "9"]
[EventCountry "GER"]
[SourceTitle "CBM 142 Extra"]
[Source "ChessBase"]
[SourceDate "2011.06.27"]
[SourceVersion "1"]
[SourceVersionDate "2011.06.27"]
[SourceQuality "1"]

1. d4 Nf6 2. c4 g6 3. Nc3 d5 4. cxd5 Nxd5 5. e4 Nxc3 6. bxc3 Bg7 7. Bc4 c5 8. Ne2 cxd4 9. cxd4 Nc6 10. Be3 0-0 11. 0-0 Bg4 12. f3 Na5 13. Bd3 Be6 14. d5 Bxa1 15. Qxa1 f6 16. Bh6 Re8 17. Kh1 a6 18. Nf4 Bf7 19. e5 Bxd5 20. Rd1 e6 21. exf6 Qc7 22. Nh3 e5 23. Bxg6 hxg6 24. Rxd5 Rad8 25. Qd1 Kh7 26. Bg7 Nc4 27. Ng5+ Kg8 28. f7+ Kxg7 29. fxe8N+ 1-0

[Event "GER-chA U25"]
[Site "Oberhof"]
[Date "2011.06.12"]
[Round "2"]
[White "Schiefer, Peter"]
[Black "Celmer, Ole"]
[Result "0-1"]
[WhiteElo "1597"]
[BlackElo "1788"]
[PlyCount "80"]
[EventDate "2011.06.11"]
[EventType "swiss"]
[EventRounds "9"]
[EventCountry "GER"]
[SourceTitle "CBM 142 Extra"]
[Source "ChessBase"]
[SourceDate "2011.06.27"]
[SourceVersion "1"]
[SourceVersionDate "2011.06.27"]
[SourceQuality "1"]

1. d4 Nf6 2. c4 e6 3. Nf3 c5 4. d5 exd5 5. cxd5 d6 6. Nc3 g6 7. e4 a6 8. a4 Bg4 9. Be2 Bxf3 10. Bxf3 Bg7 11. Qb3 Qc7 12. 0-0 0-0 13. Bg5 Nbd7 14. Bd1 Rfe8 15. Bc2 Rac8 16. Rae1 Ne5 17. f4 Ned7 18. Qc4 Nb6 19. Qd3 c4 20. Qf3 Nbd7 21. Kh1 Nc5 22. Qh3 Nfd7 23. f5 f6 24. Bh6 Ne5 25. fxg6 hxg6 26. Bxg7 Qxg7 27. g4 Ncd3 28. Rb1 Rc7 29. Ne2 g5 30. Nd4 Qg6 31. Rf5 Qxf5 32. Bxd3 Qxg4 33. Qxg4 Nxg4 34. Bc2 Nf2+ 35. Kg2 Nxe4 36. Ne6 Rxe6 37. dxe6 Nc5 38. Bf5 Re7 39. Re1 d5 40. Rd1 Nxe6 0-1